Central Library OPAC University of Rajshahi

Psycho- Social Correlates of Sociel Identity In Different Ethnic Group In Bangladesh / (Record no. 78526)

MARC details
000 -LEADER
fixed length control field 01052nam a2200277 a 4500
001 - CONTROL NUMBER
control field 78526
003 - CONTROL NUMBER IDENTIFIER
rucl marc code BD-RjUL
005 - DATE AND TIME OF LATEST TRANSACTION
control field 20211209083135.0
008 - FIXED-LENGTH DATA ELEMENTS--GENERAL INFORMATION
fixed length control field 210930s2009 bg a|||| m||| 00| 0 eng d
035 ## - SYSTEM CONTROL NUMBER
System control number (BD-RjUL) 78752
040 ## - CATALOGING SOURCE
Original cataloging agency BD-RjUL
Language of cataloging eng
Transcribing agency BD-RjUL
Modifying agency BD-RjUL
041 ## - LANGUAGE CODE
Language code of text/sound track or separate title eng
082 ## - DEWEY DECIMAL CLASSIFICATION NUMBER
Classification number 155.8
Author mark and year UDP 2009
Edition number 23
100 ## - MAIN ENTRY--PERSONAL NAME
Personal name Uddin, Mohammad. Ramiz
9 (RLIN) 248771
245 10 - TITLE STATEMENT
Title Psycho- Social Correlates of Sociel Identity In Different Ethnic Group In Bangladesh /
Statement of responsibility, etc. by Mohammad. Ramiz Uddin ;
Linkage Supervisor : M. Mozammel Huq
260 ## - PUBLICATION, DISTRIBUTION, ETC. (IMPRINT)
Place of publication, distribution, etc. Rajshahi :
Name of publisher, distributor, etc. Department of Psychology, University of Rajshahi,
Date of publication, distribution, etc. 2009
300 ## - PHYSICAL DESCRIPTION
Pagination xiii, 291 leaves :
Illustrations iII ;
Size 29 cm.
502 ## - DISSERTATION NOTE
Dissertation note Thesis (Ph. D.) -- Department of Psychology, University of Rajshahi, 2009
504 ## - BIBLIOGRAPHY, ETC. NOTE
Bibliography, etc References : Leaves 229 -266
600 ## - SUBJECT ADDED ENTRY--PERSONAL NAME
Personal name
650 ## - SUBJECT ADDED ENTRY--TOPICAL TERM
Topical term or geographic name as entry element Ethnopsychology
General subdivision Social aspects
Geographic subdivision Bangladesh
9 (RLIN) 249092
Topical term or geographic name as entry element Social psychology.
9 (RLIN) 249093
Topical term or geographic name as entry element Intergroup relations.
9 (RLIN) 249097
700 ## - ADDED ENTRY--PERSONAL NAME
Personal name Huq, M. Mozammel, Supervisor
942 ## - ADDED ENTRY ELEMENTS (KOHA)
Source of classification or shelving scheme Dewey Decimal Classification
Koha item type Theses
Holdings
Lost status Source of classification or shelving scheme Damaged status Not for loan Collection code Permanent Location Current Location Shelving location Date acquired Source of acquisition Total Checkouts Full call number Date last seen Copy number Koha item type
  Dewey Decimal Classification   Not For Loan Theses Central Library, University of Rajshahi Central Library, University of Rajshahi Documentation Section 11/01/2012 Controller of Exam., R.U.   THE 155.8 UDP 2009 30/09/2021 C-1 Theses